000 00904cam a22002653a 4500
001 19439
003 PGUSA
005 20140828083419.0
008 061002s2006||||xxu|||||s|||||000 1 eng d
040 _aPGUSA
_beng
042 _adc
050 4 _aPS
100 1 _aStowe, Harriet Beecher,
_d1811-1896
245 1 0 _aVaimoni ja minä eli Harry Hendersonin elämäkerta
_h[electronic resource] /
_cHarriet Beecher Stowe
260 _bProject Gutenberg,
_c2006
500 _aTranslation of: My Wife and I: or, Harry Henderson's History
506 _aPublic domain in the USA.
516 _aElectronic text
653 _aWomen -- Social and moral questions -- Fiction
653 _aNew York (N.Y.) -- Social life and customs -- 19th century -- Fiction
700 1 _aSandelin, Hj.,
_d1852-1877
830 0 _aProject Gutenberg
_v19439
856 4 0 _uhttp://www.gutenberg.org/ebooks/19439
942 _cEB
999 _c248694
_d248694